'S' Television Characters Quiz Stats

 Plays Quiz Updated Apr 27, 2016

Challenge
Share
Tweet
Score 0/20 Timer 05:00
7 Plays Today
% Correct
Sherlock Holmes
92.6%
Stewie Griffin
88.6%
Sheldon Cooper
86.7%
Sabrina Spellman
85.4%
Samantha Jones
70.9%
Sam Malone
66.7%
Stan Marsh
65.8%
Screech Powers
62%
Sue Sylvester
55%
Skyler White
42.7%
% Correct
Steven Hyde
40.5%
Shawn Hunter
39%
Sophia Petrillo
38.2%
Susan Mayer
33.7%
Schmidt
29.2%
Sydney Bristow
26.5%
Selina Meyer
26%
Stefon Meyers
21.9%
Shirley Bennett
17.9%
Spencer Hastings
16.7%

You're not logged in!

Compare scores with friends on all Sporcle quizzes.
OR
Log In

You Might Also Like...

Show Comments

Extras

Top Quizzes Today


Score Distribution

Your Account Isn't Verified!

In order to create a playlist on Sporcle, you need to verify the email address you used during registration. Go to your Sporcle Settings to finish the process.

Report this User

Report this user for behavior that violates our Community Guidelines.

Details: